Spunbonded Textile & Stitch : Lutradur, Evolon & Other Distressables (Record no. 355873)

MARC details
000 -LEADER
fixed length control field 00834nam a22001937a 4500
005 - DATE AND TIME OF LATEST TRANSACTION
control field 20230825110317.0
008 - FIXED-LENGTH DATA ELEMENTS--GENERAL INFORMATION
fixed length control field 230823b |||||||| |||| 00| 0 eng d
020 ## - INTERNATIONAL STANDARD BOOK NUMBER
International Standard Book Number 9781849940016
041 ## - LANGUAGE CODE
Language code of text/sound track or separate title eng
082 ## - DEWEY DECIMAL CLASSIFICATION NUMBER
Classification number 746
Item number COT
100 ## - MAIN ENTRY--PERSONAL NAME
Author Cotterill Wendy
245 ## - TITLE STATEMENT
Title Spunbonded Textile & Stitch : Lutradur, Evolon & Other Distressables
260 ## - PUBLICATION, DISTRIBUTION, ETC.
Place of publication, distribution, etc. United Kingdom
Name of publisher, distributor, etc. Batsford
Date of publication, distribution, etc. 2011
300 ## - PHYSICAL DESCRIPTION
Extent 128
365 ## - TRADE PRICE
Price amount 1655.17
Currency code Rs.00
520 ## - SUMMARY, ETC.
Summary, etc. • Introduction<br/>Part 1 Tools & techniques<br/>• Equipment<br/>• Using Colour<br/>• Colouring & Dyeing Techniques<br/>• Creating Texture<br/>• Using Images<br/>Part 2 Fabrics<br/>• Lutradur<br/>• Crystal Spunbonded Polyster<br/>• Evolon<br/>• Heat-distressable tissue<br/>• Tyvek<br/>• Kunin Felt<br/>• Nappy Liner<br/>• Experimenting Further<br/>
650 ## - SUBJECT ADDED ENTRY--TOPICAL TERM
Topical term or geographic name entry element Textile
942 ## - ADDED ENTRY ELEMENTS (KOHA)
Koha item type Books
Holdings
Withdrawn status Lost status Source of classification or shelving scheme Damaged status Not for loan Home library Current library Date acquired Vendor Net Price Bill number Full call number Barcode Date last seen Discount Actual Price Bill Date Koha item type Original Barcode
    Dewey Decimal Classification     School of Fashion Technology School of Fashion Technology 19/08/2023 Honesty Subscription Agency 1655.17 50842 746 COT SOFT-BK-4177 23/08/2023 25% 2206.89 04/08/2023 Books 004177